Mechanics of solids and strength of materials (Record no. 552904)
[ view plain ]
| 000 -LEADER | |
|---|---|
| fixed length control field | 00651cam a2200193 i 4500 |
| 020 ## - INTERNATIONAL STANDARD BOOK NUMBER | |
| International Standard Book Number | 0273361864 : |
| -- | 0273361910 |
| 082 00 - DEWEY DECIMAL CLASSIFICATION NUMBER | |
| Classification number | 620.112 |
| Author Mark | WAR |
| 100 1# - MAIN ENTRY--PERSONAL NAME | |
| Personal name | Benham, P. P. |
| 9 (RLIN) | 40905 |
| 245 10 - TITLE STATEMENT | |
| Title | Mechanics of solids and strength of materials |
| Statement of responsibility, etc. | [by] P. P. Benham and F. V. Warnock. |
| 260 ## - PUBLICATION, DISTRIBUTION, ETC. | |
| Place of publication, distribution, etc. | London : |
| Name of publisher, distributor, etc. | Pitman, |
| Date of publication, distribution, etc. | 1965. |
| 300 ## - PHYSICAL DESCRIPTION | |
| Extent | xx, 592, 16 p. : |
| Other physical details | ill. ; |
| Dimensions | 23 cm. |
| 526 ## - STUDY PROGRAM INFORMATION NOTE | |
| Program name | 0 |
| Interest level | 0 |
| Reading level | 0 |
| Title point value | 620_112000000000000_WAR |
| 526 ## - STUDY PROGRAM INFORMATION NOTE | |
| Program name | 0 |
| Interest level | 0 |
| Reading level | 0 |
| Title point value | 620_112000000000000_WAR |
| 650 #0 - SUBJECT ADDED ENTRY--TOPICAL TERM | |
| Topical term or geographic name entry element | MCE |
| 9 (RLIN) | 379 |
| 650 #0 - SUBJECT ADDED ENTRY--TOPICAL TERM | |
| Topical term or geographic name entry element | Strength of materials. |
| 9 (RLIN) | 563 |
| 650 #0 - SUBJECT ADDED ENTRY--TOPICAL TERM | |
| Topical term or geographic name entry element | Structural analysis (Engineering) |
| 9 (RLIN) | 654 |
| 700 1# - ADDED ENTRY--PERSONAL NAME | |
| Personal name | Warnock, Frederick Victor, |
| 9 (RLIN) | 50175 |
| 942 ## - ADDED ENTRY ELEMENTS (KOHA) | |
| Source of classification or shelving scheme | |
| Koha item type | Book |
| Withdrawn status | Lost status | Source of classification or shelving scheme | Damaged status | Not for loan | Permanent Location | Current Location | Date acquired | Total Checkouts | Full call number | Barcode | Date last seen | Date last checked out | Price effective from | Koha item type |
|---|---|---|---|---|---|---|---|---|---|---|---|---|---|---|
| Military College of Engineering (MCE) | Military College of Engineering (MCE) | 01/27/2015 | 1 | 620.112 WAR | MCE-11559 | 03/19/2018 | 11/20/2017 | 01/27/2015 | Book | |||||
| Military College of Engineering (MCE) | Military College of Engineering (MCE) | 01/27/2015 | 1 | 620.112 WAR | MCE-23972 | 07/14/2015 | 01/27/2015 | 01/27/2015 | Book |
